zpět

Detail výsledku týmu

Kozlovna S-klub, Olomouc

Datum a čas kvízu

22.5 Celkem bodů Celkový počet nahraných bodů na tomto kvízu bez doplňovacích otázek.
10. Pořadí na kvízu Konečné umístění týmu na tomto kvízu.

Zaznamenané odpovědi

# Otázka Odpověď Body Výsledky
1. Minulý týden se on-line konal... Michal Šmarda 0
2. Polští silničáři mají z ostudy... sekali trávu pod sněhem 0
3. Ve středu se v České republice... Bryan Adams 0
4. Kanadským výrobcům se kvůli ro... o javorový sirup 1
5. Čeští reprezentanti si odvážej... ve florbalu 1
6. Ve které zemi rozdává dětem dá... v Itálii 0
7. Lidé na Islandu se drží tradic... C 0
8. Napište, jak se jmenuje nejvýc... Čukotka 0
9. Které pečené zvíře je tradiční... krocan (krůta) 1
10. V Austrálii si lidé dle tradic... B 0